000 02185nam a22001697a 4500
010 _aENG-143545
020 _a9788193984871
_c170.00
035 _aEN-127077
037 _bDBAD
082 _a543.08582
100 _aBandyopadhyay, Chandrakanta
_977003
245 _aAn Insight in to Green Chemistry /
_cby Chandrakanta Bandyopadhyay
260 _aKolkata
_bBooks and Allied
_c2019
270 _aNo.1-E(1) Shubham Plaza (1st Floor) 83/1, Beliaghata Main Road, Kolkata,
_bKolkata
_e700010
300 _a210p.:
_billus.
_c24cm(Pbk)
942 _2ddc
_cEN
_h543.08582
_mBAN
999 _c208749
_d208749